000 00343nam a22001337a 4500
040 _cNUST
082 _a604.2
_bCOU
100 _aCousins, M.F
_9118659
245 _aEngineering Drawing from the Beginning :
_bVolume 1 /
_cM.F Cousins
260 _aLondon :
_bPergamon Press Ltd;
_c1964.
300 _a163p.
521 _bHB
942 _2ddc
_cBK
999 _c606836
_d606836